|
|
|
|
| LEADER |
00000nas a2200000 i 4500 |
| 001 |
ssj0000970086 |
| 003 |
WaSeSS |
| 005 |
20200512172242.0 |
| 006 |
m d |
| 007 |
cr n |
| 008 |
120701c20129999fr fr p ss i0 0eng c |
| 010 |
|
|
|a 2013267030
|
| 022 |
|
|
|a 2304-277X
|y 2304-2761
|
| 024 |
7 |
|
|a 10.1787/2304277x
|2 doi
|
| 035 |
|
|
|a (WaSeSS)ssj0000970086
|
| 040 |
|
|
|a FR-PaOEC
|b eng
|e pn
|c STF
|d DOS
|d OCLCF
|d OCLCQ
|d OCLCA
|d AU@
|d OCLCQ
|d LVT
|d VT2
|d UWO
|d OCLCQ
|d WaSeSS
|
| 042 |
|
|
|a pcc
|
| 050 |
|
4 |
|a Q172.5.S34
|b M353 online
|
| 130 |
0 |
|
|a Main science and technology indicators (Paris, France : 2012)
|
| 245 |
1 |
0 |
|a Main science and technology indicators
|h [electronic resource].
|
| 260 |
|
|
|a Paris :
|b OECD Publishing,
|c [2012]-
|
| 310 |
|
|
|a Semiannual
|
| 362 |
1 |
|
|a Began with Volume 2012/1.
|
| 506 |
|
|
|a License restrictions may limit access.
|
| 520 |
|
|
|a Main Science and Technology Indicators, published twice yearly, provides a set of indicators that reflect the level and structure of the efforts undertaken by OECD member countries and nine non-member economies (Argentina, China, Israel, Romania, Russian Federation, Singapore, Slovenia, South Africa, Chinese Taipei) in the field of science and technology. The indicators cover the resources devoted to research and development, patent families, technology balance of payments and international trade in highly R & D-intensive industries. Also presented are the underlying economic series (a reference year and for the last six years) used to calculate these indicators. Series are presented for the last six years for which data are available.
|
| 580 |
|
|
|a Continues the English language content of: Main science and technology indicators.
|
| 588 |
|
|
|a Description based on: Volume 2012/1; title from PDF cover (OECD iLibrary, viewed November 5, 2013).
|
| 588 |
|
|
|a Latest issue consulted: Volume 2013/1 (OECD iLibrary, viewed November 5, 2013).
|
| 650 |
|
0 |
|a Technology assessment
|v Statistics
|v Periodicals.
|
| 650 |
|
0 |
|a Science indicators
|v Statistics
|v Periodicals.
|
| 650 |
|
0 |
|a Research
|v Statistics
|v Periodicals.
|
| 650 |
|
7 |
|a Research.
|2 fast
|0 (OCoLC)fst01095153
|
| 650 |
|
7 |
|a Science indicators.
|2 fast
|0 (OCoLC)fst01108736
|
| 650 |
|
7 |
|a Technology assessment.
|2 fast
|0 (OCoLC)fst01145279
|
| 653 |
|
4 |
|a Science and Technology
|
| 655 |
|
0 |
|a Electronic journals.
|
| 710 |
2 |
|
|a Organisation for Economic Co-operation and Development.
|
| 775 |
0 |
8 |
|i French version:
|t Principaux indicateurs de la science et de la technologie
|e fre
|x 2304-2796
|
| 776 |
0 |
8 |
|i Print version:
|t Main science and technology indicators
|x 2304-2761
|w (DLC) 2013264032
|w (OCoLC)855418601
|
| 780 |
0 |
1 |
|i Continues the English language content of:
|t Main science and technology indicators (Online)
|w (OCoLC)48498891
|
| 856 |
4 |
0 |
|z Full text available from Research Library: 01/01/2012 to 6 months ago
|u https://search.proquest.com/publication/2026416
|